Don't think twice, It's All Right - Bob Dylan Lyrics - Statistics

General Stats
  • This quiz has been taken 71 times
  • The average score is 184 of 254
Answer Stats
Answer % Correct
a
98%
i
98%
do
95%
It
95%
it
95%
you
95%
and
93%
And
93%
don't
93%
think
93%
twice
93%
all
91%
no
91%
right
91%
the
91%
to
91%
it's
88%
so
88%
me
86%
my
86%
babe
84%
be
84%
now
84%
we
84%
When
84%
ain't
81%
by
81%
in
81%
know
81%
on
81%
why
81%
use
79%
your
79%
of
77%
sit
77%
but
74%
wonder
74%
at
72%
I'll
72%
i'll
72%
I'm
72%
i'm
72%
never
72%
say
72%
too
70%
was
70%
well
70%
out
67%
gone
65%
hear
65%
light
65%
mind
65%
there
65%
you're
65%
could
63%
look
63%
reason
63%
anyway
60%
can't
60%
dawn
60%
did
60%
just
60%
much
60%
rooster
60%
break
58%
window
58%
crows
56%
road
56%
talking
56%
turning
56%
change
53%
dark
53%
or
53%
side
53%
make
51%
she
51%
somehow
51%
soul
51%
time
51%
where
51%
like
49%
precious
49%
something
49%
stay
49%
wanted
49%
wasted
49%
before
47%
her
47%
name
47%
done
44%
kinda
44%
traveling
44%
wish
44%
anymore
42%
calling
42%
gal
42%
good
42%
heart
42%
knowed
42%
that
42%
bound
40%
child
40%
honey
40%
It'll
40%
try
40%
woman
40%
better
37%
down
37%
gave
37%
long
37%
tell
37%
told
37%
if'n
35%
loved
35%
once
35%
could've
33%
fare
33%
saying
33%
wonderin'
33%
word
33%
thinking
30%
treated
30%
unkind
30%
walking
26%
goodbye's
21%
thee
19%
No matching quizzes found
Score Distribution
Percent of People with Each Score
Percentile by Number Answered
Your Score History
You have not taken this quiz